The dark-thirty : (Registro nro. 9399)

Detalles MARC
000 -LIDER
fixed length control field 00752nam a22002297a 4500
001 - NÚMERO DE CONTROL
Identificador de número de control 240036
003 - IDENTIFICACDOR DE NÚMERO DE CONTROL
control field DO-SdBNP
005 - DATE AND TIME OF LATEST TRANSACTION
control field 20160525145718.0
007 - CAMPOS FIJOS DE DESCRIPCIÓN FÍSICA
fixed length control field 240036
008 - ELEMENTOS DE LONGITUD FIJA
fixed length control field 160328b 1992 nyu xxu||||| |||| 00| 0 spa d
020 ## - ISBN
International Standard Book Number 0590477358
040 ## - FUENTE DE CATALOGACIÓN
Agencia que crea de manera original el registro BPMSU
Idioma de catalogación spa
Agencia que realiza la transcripción BPMSU
092 ## - LOCALLY ASSIGNED DEWEY DECIMAL CALL NUMBER
Número de clasificación xxxx
Número de ítem (Cutter) xxxx
100 1# - ASIENTO PRINCIPAL -- NOMBRE PERSONAL
Nombre personal McKissack, Patricia C.
245 10 - MENCIÓN DE TITULO
Título The dark-thirty :
Subtítulo Southern tales of the supernatural /
Mención de responsabilidad Patricia C. McKissack ; illustrated by Brian Pinkney.
260 ## - PUBLICACIÓN, DISTRIBUCIÓN, ETC. (PIE DE IMPRENTA)
Lugar de publicación, distribución, etc New York :
Nombre del editor, distribuidor, etc. Scholastic,
Fecha de publicación, distribución, etc 1992.
300 ## - DESCRIPCIÓN FÍSICA
Extensión iv, 122 p. :
Otros detalles físicos il. ;
Dimensiones 27 cm.
585 ## - NOTA DE PREMIOS
Materiales especificados Newbery Honor Book, 1993.<br/>Coretta Scott King Award, author, 1993.
700 12 - ASIENTO SECUNDARIO -- NOMBRE PERSONAL
Nombre personal Pinkney, Brian,
Mención de responsabilidad il.
942 ## - ADDED ENTRY ELEMENTS (KOHA)
Source of classification or shelving scheme Dewey Decimal Classification
Koha item type Libros
956 ## - LOCAL ELECTRONIC LOCATION AND ACCESS (OCLC)
Método de acceso LOPEREZ
Materiales especificados 10
Enlace 20160525
Campo enlazado y núm. de secuencia BPMSU
Nombre de host 00041
Existencias
Withdrawn status Lost status Source of classification or shelving scheme Damaged status Not for loan Collection code Home library Current library Date acquired Source of acquisition Total Checkouts Barcode Date last seen Koha item type
    Dewey Decimal Classification       Biblioteca Pública Metropolitana Salomé Ureña Biblioteca Pública Metropolitana Salomé Ureña 03/28/2016 Donación   BPMSU16030280 03/28/2016 Libros